000 00579nam a2200205Ia 4500
005 20250923150052.0
008 008 250917s9999 xx 000 0 eng d
037 _aTextual
040 _aDSWL
_beng
_cDSWL
041 _aeng
_2eng
084 _aW:58(Z), N98;1
_qDSWL
100 _aMahajan, G
_9841876
245 0 _aDemocracy difference and social justice
_c by G.Mahajan
260 _aNew Delhi
_b Oxford University Press
_c2000
300 _a584p.
365 _aINR
_b345
925 _g345
942 _cTEXL
_hW:58(Z), N98;1
999 _c1459206
_d1459206